| LEADER |
00797nam0a2200205 450 |
| 001 |
16844756 |
| 010 |
|
|
|a 979-10-235-0820-8
|b rel.
|d 13,5
|
| 100 |
|
|
|a 20171230d2026 u u0frey01 ba
|
| 101 |
0 |
|
|a fre
|
| 102 |
|
|
|a FR
|
| 200 |
0 |
|
|a Mort au loup !
|f Philippe Jalbert
|
| 207 |
|
1 |
|a
|
| 210 |
|
|
|a [Paris]
|c Seuil jeunesse
|d DL 2017
|
| 215 |
|
|
|a 1 vol. (non paginé [non paginé [52] p.)
|c ill. en coul.
|d 26 cm
|
| 330 |
|
|
|a Un vieux chien de chasse enseigne aux trois petits cochons les meilleures stratégies afin de se débarrasser du loup une bonne fois pour toutes.
|
| 606 |
0 |
|
|a Loup
|x Livres d'images
|
| 700 |
|
0 |
|a Jalbert
|b Philippe
|c Illustrateur
|f 1971-....
|4 70
|
| 900 |
|
|
|a Album
|
| 901 |
|
|
|a Jeunesse
|
| 995 |
|
|
|a Médiathèque
|c Médiathèque
|f 089015881
|h 089015881
|k A JAL
|o p
|q j
|r az
|e Médiathèque
|